000 00639nam a2200217Ii 4500
003 JO-AjNU
008 230606s9999||||xx |||||||||||||| ||und||
020 _a0-359-29527-0
040 _aJO-AjNU
_beng
_erda
_cJO-AjNU
041 _aeng
050 1 4 _aHF5635.N43 1981
100 3 _aNeedles, Belverd E., Henry R. Anderson, james C. Caldwell,
_eauthor
_96817
245 0 0 _aPrinciples of Accounting
250 _a5th ed
264 3 1 _aBoston:Houghton Mifflin Company,1981
300 _a1060P
336 _atext
_btxt
_2rdacontent
337 _aunmediated
_bn
_2rdamedia
338 _avolume
_bnc
_2rdacarrier
650 4 _a Accounting
_96818
999 _aE3552
_c3533
_d3533